000 01375cam a2200349 a 4500
999 _c523635
_d523635
001 16633576
003 NUST
005 20190516082806.0
008 110202s2005 pk b g bz 000 0 eng
010 _a 2011326215
038 _awaseem
040 _aDLC
_cDLC
042 _alcode
_apcc
043 _aa-af---
_aa-ii---
_aa-pk---
050 0 0 _aKZ3684.5 .A3
_bK53 2005
082 _a911.581
_bKHA
100 1 _aKhan, Azmat Hayat.
_914395
245 1 4 _aThe Durand line, its geo-strategic importance /
_cAzmat Hayat Khan ; editor, M.Y. Effendi.
250 _a3rd ed.
260 _aPeshawar :
_bArea Study Centre (Russia, China & Central Asia), University of Peshawar and
_bHanns Seidel Foundation,
_a[Islamabad],
_cc2005.
300 _axix, 341 p. :
_bmaps (some folded) ;
_c23 cm.
500 _aOriginally presented as the author's thesis (Ph. D.)--University of Peshawar.
504 _aIncludes bibliographical references (p. 311-341).
651 0 _aAfghanistan
_xBoundaries
_zPakistan.
_93932
651 0 _aPakistan
_xBoundaries
_zAfghanistan.
_93933
651 0 _aAfghanistan
_xBoundaries
_zIndia
_xHistory
_y19th century.
_914396
651 0 _aIndia
_xBoundaries
_zAfghanistan
_xHistory
_y19th century.
_914397
700 1 _aEffendi, M. Y.
_q(Muhammad Yahya)
_914398
906 _a7
_bcbc
_corigode
_d3
_encip
_f20
_gy-gencatlg
942 _2ddc
_cBK